All-Time UEFA Club Honours - Statistics

General Stats
  • This quiz has been taken 443 times
  • The average score is 48 of 79
Answer Stats
Answer % Correct
Real Madrid
100%
AC Milan
98%
Inter Milan
98%
Manchester United
98%
Barcelona
96%
Bayern Munich
96%
Juventus
96%
Liverpool
96%
Chelsea
95%
Ajax
95%
Benfica
94%
Borussia Dortmund
94%
Porto
94%
Aston Villa
93%
Sevilla
93%
Atlético Madrid
92%
PSV
89%
Nottingham Forest
88%
Marseille
87%
Celtic
86%
Feyenoord
86%
Manchester City
86%
Valencia
84%
Hamburg
80%
Lazio
80%
Paris Saint-Germain
80%
Tottenham Hotspur
80%
Red Star Belgrade
78%
Villarreal
78%
Arsenal
77%
FCSB
76%
Napoli
76%
Dynamo Kyiv
75%
Rangers
73%
Sporting CP
73%
Zenit St Petersburg
73%
Lyon
72%
Eintracht Frankfurt
70%
Galatasaray
70%
Anderlecht
69%
CSKA Moscow
67%
Shakhtar Donetsk
67%
Schalke 04
64%
Bayer 04 Leverkusen
63%
Fiorentina
63%
Parma
58%
Borussia MG
54%
Braga
52%
Everton
52%
Lille
51%
Newcastle United
51%
Werder Bremen
50%
West Ham United
49%
Bordeaux
48%
Sampdoria
48%
VfB Stuttgart
43%
Aberdeen
42%
Dinamo Tbilisi
37%
Ipswich Town
33%
Bologna
30%
Zaragoza
30%
Slovan Bratislava
28%
Udinese
28%
Málaga
27%
Fulham
26%
Lens
23%
Auxerre
22%
Celta Vigo
22%
IFK Göteborg
21%
Montpellier
20%
Strasbourg
20%
Mechelen
14%
Magdeburg
11%
Bastia
8%
Guingamp
8%
Karlsruher SC
6%
Perugia
5%
Silkeborg
4%
Troyes
4%
No matching quizzes found
Score Distribution
Percent of People with Each Score
Percentile by Number Answered
Your Score History
You have not taken this quiz